00782nam a2200229Ia 450000500170000000800410001702000220005804100080008008200150008810000210010324500250012426000320014930000090018144000290019050000280021965000780024770000320032590600090035794200070036699900170037395201620039020251120193346.0230125s9999 xx 000 0 und d a978-0-7494-6704-3 aeng a158.1bYOU aYouell R9215195 aEffective Nlp Skills c2013bKogan PageaNew Delhi a168p aCreating Success9215196 aPersonality Development aSeries Book;Creating Success Series Books;Personality Development9215197 aYouell R & Youell C9215198 b62.5 cBK c93473d93473 00104070aHIMRbHIMRd2015-05-18ePritam Book Centreg250.00i9435l0o158.1 YOU B13666pHIMR-BK-13666r2023-01-25 00:00:00v187.50w2015-05-11yBKzB13666